All Super Bowl Teams and QBs - Statistics

General Stats
  • This quiz has been taken 52 times
  • The average score is 187 of 236
Answer Stats
Year Hint Answers % Correct
2015 Winning Team Denver Broncos
100%
1998 Winning Team Denver Broncos
100%
1997 Winning Team Denver Broncos
100%
2013 Losing Team Denver Broncos
100%
1989 Losing Team Denver Broncos
100%
1987 Losing Team Denver Broncos
100%
1986 Losing Team Denver Broncos
100%
1977 Losing Team Denver Broncos
100%
2011 Winning QB Eli Manning
100%
2007 Winning QB Eli Manning
100%
2023 Winning Team Kansas City Chiefs
100%
2022 Winning Team Kansas City Chiefs
100%
2019 Winning Team Kansas City Chiefs
100%
1969 Winning Team Kansas City Chiefs
100%
2024 Losing Team Kansas City Chiefs
100%
2020 Losing Team Kansas City Chiefs
100%
1966 Losing Team Kansas City Chiefs
100%
2018 Winning Team New England Patriots
100%
2016 Winning Team New England Patriots
100%
2014 Winning Team New England Patriots
100%
2004 Winning Team New England Patriots
100%
2003 Winning Team New England Patriots
100%
2001 Winning Team New England Patriots
100%
2017 Losing Team New England Patriots
100%
2011 Losing Team New England Patriots
100%
2007 Losing Team New England Patriots
100%
1996 Losing Team New England Patriots
100%
1985 Losing Team New England Patriots
100%
2023 Winning QB Patrick Mahomes
100%
2022 Winning QB Patrick Mahomes
100%
2019 Winning QB Patrick Mahomes
100%
2024 Losing QB Patrick Mahomes
100%
2020 Losing QB Patrick Mahomes
100%
2015 Winning QB Peyton Manning
100%
2006 Winning QB Peyton Manning
100%
2013 Losing QB Peyton Manning
100%
2009 Losing QB Peyton Manning
100%
2024 Winning Team Philadelphia Eagles
100%
2017 Winning Team Philadelphia Eagles
100%
2022 Losing Team Philadelphia Eagles
100%
2004 Losing Team Philadelphia Eagles
100%
1980 Losing Team Philadelphia Eagles
100%
2013 Winning Team Seattle Seahawks
100%
2014 Losing Team Seattle Seahawks
100%
2005 Losing Team Seattle Seahawks
100%
2020 Winning Team Tampa Bay Buccaneers
100%
2002 Winning Team Tampa Bay Buccaneers
100%
2020 Winning QB Tom Brady
100%
2018 Winning QB Tom Brady
100%
2016 Winning QB Tom Brady
100%
2014 Winning QB Tom Brady
100%
2004 Winning QB Tom Brady
100%
2003 Winning QB Tom Brady
100%
2001 Winning QB Tom Brady
100%
2017 Losing QB Tom Brady
100%
2011 Losing QB Tom Brady
100%
2007 Losing QB Tom Brady
100%
2012 Winning Team Baltimore Ravens
97%
2000 Winning Team Baltimore Ravens
97%
2021 Losing Team Cincinnati Bengals
97%
1988 Losing Team Cincinnati Bengals
97%
1981 Losing Team Cincinnati Bengals
97%
2010 Winning Team Green Bay Packers
97%
1996 Winning Team Green Bay Packers
97%
1967 Winning Team Green Bay Packers
97%
1966 Winning Team Green Bay Packers
97%
1997 Losing Team Green Bay Packers
97%
2024 Winning QB Jalen Hurts
97%
2022 Losing QB Jalen Hurts
97%
2021 Winning Team Los Angeles Rams
97%
2018 Losing Team Los Angeles Rams
97%
1979 Losing Team Los Angeles Rams
97%
2021 Winning QB Matthew Stafford
97%
1999 Winning Team St. Louis Rams
97%
2001 Losing Team St. Louis Rams
97%
2015 Losing Team Carolina Panthers
94%
2003 Losing Team Carolina Panthers
94%
2009 Winning QB Drew Brees
94%
2021 Losing QB Joe Burrow
94%
2011 Winning Team New York Giants
94%
2007 Winning Team New York Giants
94%
1990 Winning Team New York Giants
94%
1986 Winning Team New York Giants
94%
2000 Losing Team New York Giants
94%
1994 Winning Team San Francisco 49ers
94%
1989 Winning Team San Francisco 49ers
94%
1988 Winning Team San Francisco 49ers
94%
1984 Winning Team San Francisco 49ers
94%
1981 Winning Team San Francisco 49ers
94%
2023 Losing Team San Francisco 49ers
94%
2019 Losing Team San Francisco 49ers
94%
2012 Losing Team San Francisco 49ers
94%
2010 Winning QB Aaron Rodgers
90%
2008 Losing Team Arizona Cardinals
90%
2016 Losing Team Atlanta Falcons
90%
1998 Losing Team Atlanta Falcons
90%
1970 Winning Team Baltimore Colts
90%
1968 Losing Team Baltimore Colts
90%
2023 Losing QB Brock Purdy
90%
2015 Losing QB Cam Newton
90%
2006 Winning Team Indianapolis Colts
90%
2009 Losing Team Indianapolis Colts
90%
2012 Winning QB Joe Flacco
90%
2008 Winning Team Pittsburgh Steelers
90%
2005 Winning Team Pittsburgh Steelers
90%
1979 Winning Team Pittsburgh Steelers
90%
1978 Winning Team Pittsburgh Steelers
90%
1975 Winning Team Pittsburgh Steelers
90%
1974 Winning Team Pittsburgh Steelers
90%
2010 Losing Team Pittsburgh Steelers
90%
1995 Losing Team Pittsburgh Steelers
90%
2013 Winning QB Russell Wilson
90%
2014 Losing QB Russell Wilson
90%
2008 Winning QB Ben Roethlisberger
87%
2005 Winning QB Ben Roethlisberger
87%
2010 Losing QB Ben Roethlisberger
87%
1985 Winning Team Chicago Bears
87%
2006 Losing Team Chicago Bears
87%
1973 Winning Team Miami Dolphins
87%
1972 Winning Team Miami Dolphins
87%
1984 Losing Team Miami Dolphins
87%
1982 Losing Team Miami Dolphins
87%
1971 Losing Team Miami Dolphins
87%
2009 Winning Team New Orleans Saints
87%
2018 Losing QB Jared Goff
84%
1983 Winning Team Los Angeles Raiders
84%
2016 Losing QB Matt Ryan
84%
1968 Winning Team New York Jets
84%
2017 Winning QB Nick Foles
84%
1980 Winning Team Oakland Raiders
84%
1976 Winning Team Oakland Raiders
84%
2002 Losing Team Oakland Raiders
84%
1967 Losing Team Oakland Raiders
84%
1999 Losing Team Tennessee Titans
84%
1996 Winning QB Brett Favre
81%
1997 Losing QB Brett Favre
81%
1976 Losing Team Minnesota Vikings
81%
1974 Losing Team Minnesota Vikings
81%
1973 Losing Team Minnesota Vikings
81%
1969 Losing Team Minnesota Vikings
81%
1994 Losing Team San Diego Chargers
81%
1991 Winning Team Washington Redskins
81%
1987 Winning Team Washington Redskins
81%
1982 Winning Team Washington Redskins
81%
1983 Losing Team Washington Redskins
81%
1972 Losing Team Washington Redskins
81%
1993 Losing Team Buffalo Bills
77%
1992 Losing Team Buffalo Bills
77%
1991 Losing Team Buffalo Bills
77%
1990 Losing Team Buffalo Bills
77%
1995 Winning Team Dallas Cowboys
77%
1993 Winning Team Dallas Cowboys
77%
1992 Winning Team Dallas Cowboys
77%
1977 Winning Team Dallas Cowboys
77%
1971 Winning Team Dallas Cowboys
77%
1978 Losing Team Dallas Cowboys
77%
1975 Losing Team Dallas Cowboys
77%
1970 Losing Team Dallas Cowboys
77%
2019 Losing QB Jimmy Garoppolo
77%
1999 Winning QB Kurt Warner
77%
2008 Losing QB Kurt Warner
77%
2001 Losing QB Kurt Warner
77%
1984 Losing QB Dan Marino
74%
1989 Winning QB Joe Montana
74%
1988 Winning QB Joe Montana
74%
1984 Winning QB Joe Montana
74%
1981 Winning QB Joe Montana
74%
1998 Winning QB John Elway
74%
1997 Winning QB John Elway
74%
1989 Losing QB John Elway
74%
1987 Losing QB John Elway
74%
1986 Losing QB John Elway
74%
2012 Losing QB Colin Kaepernick
71%
1994 Winning QB Steve Young
71%
1993 Losing QB Jim Kelly
68%
1992 Losing QB Jim Kelly
68%
1991 Losing QB Jim Kelly
68%
1990 Losing QB Jim Kelly
68%
1979 Winning QB Terry Bradshaw
65%
1978 Winning QB Terry Bradshaw
65%
1975 Winning QB Terry Bradshaw
65%
1974 Winning QB Terry Bradshaw
65%
1995 Winning QB Troy Aikman
65%
1993 Winning QB Troy Aikman
65%
1992 Winning QB Troy Aikman
65%
1968 Winning QB Joe Namath
61%
1977 Winning QB Roger Staubach
61%
1971 Winning QB Roger Staubach
61%
1978 Losing QB Roger Staubach
61%
1975 Losing QB Roger Staubach
61%
1967 Winning QB Bart Starr
58%
1966 Winning QB Bart Starr
58%
2002 Winning QB Brad Johnson
58%
2004 Losing QB Donovan McNabb
58%
1982 Winning QB Joe Theismann
58%
1983 Losing QB Joe Theismann
58%
2005 Losing QB Matt Hasselbeck
58%
1986 Winning QB Phil Simms
58%
1996 Losing QB Drew Bledsoe
55%
1976 Losing QB Fran Tarkenton
55%
1974 Losing QB Fran Tarkenton
55%
1973 Losing QB Fran Tarkenton
55%
1985 Winning QB Jim McMahon
55%
1999 Losing QB Steve McNair
55%
1973 Winning QB Bob Griese
52%
1972 Winning QB Bob Griese
52%
1971 Losing QB Bob Griese
52%
1987 Winning QB Doug Williams
52%
2003 Losing QB Jake Delhomme
52%
2000 Winning QB Trent Dilfer
52%
1988 Losing QB Boomer Esiason
48%
1970 Winning QB Johnny Unitas
45%
1981 Losing QB Ken Anderson
45%
1976 Winning QB Ken Stabler
42%
2006 Losing QB Rex Grossman
42%
2000 Losing QB Kerry Collins
39%
1991 Winning QB Mark Rypien
39%
1983 Winning QB Jim Plunkett
35%
1980 Winning QB Jim Plunkett
35%
1969 Winning QB Len Dawson
35%
1966 Losing QB Len Dawson
35%
2002 Losing QB Rich Gannon
35%
1990 Winning QB Jeff Hostetler
32%
1980 Losing QB Ron Jaworski
32%
1998 Losing QB Chris Chandler
29%
1985 Losing QB Tony Eason
26%
1967 Losing QB Daryle Lamonica
23%
1968 Losing QB Earl Morrall
23%
1995 Losing QB Neil O’Donnell
23%
1994 Losing QB Stan Humphries
19%
1977 Losing QB Craig Morton
16%
1970 Losing QB Craig Morton
16%
1969 Losing QB Joe Kapp
10%
1979 Losing QB Vince Ferragamo
10%
1972 Losing QB Billy Kilmer
3%
1982 Losing QB David Woodley
3%
No matching quizzes found
Score Distribution
Percent of People with Each Score
Percentile by Number Answered
Your Score History
You have not taken this quiz